| 000 | 00653nam a2200265Ia 4500 | ||
|---|---|---|---|
| 003 | OSt | ||
| 005 | 20221006142552.0 | ||
| 006 | a|||||r|||| 00| 0 | ||
| 007 | ta | ||
| 008 | 221006b |||||||| |||| 00| 0 eng d | ||
| 020 |
_c _4.75 |
||
| 024 | _a6,615 | ||
| 037 | _cTextual | ||
| 040 |
_aEASL _cEASL _beng |
||
| 041 |
_2eng _aeng |
||
| 082 | _aY2:1.20m73, K3 | ||
| 100 |
_aHsu F L. K. _9133385 |
||
| 245 | 0 | _aClan, caste, and club | |
| 260 |
_aNew York _bVan Nostrand _c1963 |
||
| 300 |
_a335p. _ccm. |
||
| 490 | _v Oth | ||
| 650 | _aGen | ||
| 942 |
_hY2:1.20m73, K3 _cTEXL _2CC |
||
| 999 |
_c1074701 _d1074701 |
||